FANTASIA AN ALGERIAN CAVALCADE (Record no. 216697)

MARC details
000 -LEADER
fixed length control field 00454nam a22001697a 4500
008 - FIXED-LENGTH DATA ELEMENTS--GENERAL INFORMATION
fixed length control field 260226b |||||||| |||| 00| 0 eng d
020 ## - INTERNATIONAL STANDARD BOOK NUMBER
International Standard Book Number 0-435-08621-9
050 ## - LIBRARY OF CONGRESS CALL NUMBER
Classification number PQ 3989 .A813 D524 1993
Item number 1
100 ## - MAIN ENTRY--PERSONAL NAME
Personal name DJEBAR, ASSIA
245 ## - TITLE STATEMENT
Title FANTASIA AN ALGERIAN CAVALCADE
260 ## - PUBLICATION, DISTRIBUTION, ETC.
Place of publication, distribution, etc. GOODGE STREET
Name of publisher, distributor, etc. QUARTERT BOOKS
Date of publication, distribution, etc. 1993
300 ## - PHYSICAL DESCRIPTION
Extent 227P
650 ## - SUBJECT ADDED ENTRY
Topical term or geographic name entry element ALGERIAN CAVALCADE
700 ## - ADDED ENTRY--PERSONAL NAME
Personal name BLAIR DOROTHY .S
942 ## - ADDED ENTRY ELEMENTS (KOHA)
Source of classification or shelving scheme Library of Congress Classification
Koha item type Long Loan Book
Holdings
Withdrawn status Lost status Source of classification or shelving scheme Damaged status Not for loan Collection Home library Current library Shelving location Date acquired Inventory number Total checkouts Full call number Barcode Date last seen Copy number Price effective from Koha item type
    Library of Congress Classification     Arts & Social Sciences Kisii University Library Kisii University Library On Display 02/26/2026 111860   PQ 3989 .813 D524 1993 A000819 02/26/2026 1 02/26/2026 Long Loan Book
    Library of Congress Classification     Arts & Social Sciences Kisii University Library Kisii University Library On Display 02/26/2026 111861   PQ 3989 .813 D524 1993 A000860 02/26/2026 2 02/26/2026 Long Loan Book
    Library of Congress Classification     Arts & Social Sciences Kisii University Library Kisii University Library On Display 02/26/2026 111862   PQ 3989 .813 D524 1993 A000859 02/26/2026 3 02/26/2026 Long Loan Book
    Library of Congress Classification     Arts & Social Sciences Kisii University Library Kisii University Library On Display 02/26/2026 111863   PQ 3989 .813 D524 1993 A000858 02/26/2026 4 02/26/2026 Long Loan Book